| 000 | 01264nam a2200325Ia 4500 | ||
|---|---|---|---|
| 001 | vtls003262372 | ||
| 003 | MY-SjTCS | ||
| 005 | 20200508124943.0 | ||
| 006 | m o u | ||
| 007 | cr cn||||||||| | ||
| 008 | 150102s2013 nyu sb 001 0 eng d | ||
| 020 | _z9781626188174 | ||
| 020 | _a9781626188815 | ||
| 035 | _a(OCoLC)857069129 | ||
| 035 | _a(CaPaEBR)ebr10738755 | ||
| 039 | 9 |
_y201501020924 _zpushpa |
|
| 040 |
_aCaPaEBR _cCaPaEBR |
||
| 245 | 0 | 0 |
_aPsychology of branding _h[electronic resource] / _cW. Douglas Evans, editor. |
| 260 |
_a[Hauppauge, NY] : _bNova Science Publishers, _c2013. |
||
| 300 | _axi, 240 p. | ||
| 490 | 0 | _aPsychology research progress | |
| 504 | _aIncludes bibliographical references and index. | ||
| 533 |
_aElectronic reproduction. _bPalo Alto, Calif. : _cebrary, _d2013. _nAvailable via World Wide Web. _nAccess may be limited to ebrary affiliated libraries. |
||
| 650 | 0 | _aBranding (Marketing) | |
| 650 | 0 | _aMarketing. | |
| 655 | 7 |
_aElectronic books. _2local |
|
| 700 | 1 | _aDouglas Evans, W. | |
| 710 | 2 |
_aebrary, Inc. _925628 |
|
| 856 | 4 | 0 |
_uhttps://ezproxy.taylors.edu.my/login?url=http://site.ebrary.com/lib/taylorscollege/Doc?id=10738755 _zAn electronic book accessible through the World Wide Web; click to view |
| 999 | _c159552 | ||